000
00194nam a22000977a 4500
040
_c
SCME
100
_a
Zhuo zeyuan
245
_a
Changing lives of farmers
300
_a
250p.
942
_2
ddc
_c
BK
999
_c
589562
_d
589562